000 00763nam a2200253 i 4500
001 bg
100 1 _aCHOCHOWSKI, Andrzej
245 1 0 _aElektrotechnika z automatyką /
_cAndrzej Chochowski.
260 _aWarszawa :
_bWydawnictwa Szkolne i Pedagogiczne,
_c1996.
300 _a383, [1] s. :
_bfot., rys., wykr. ;
_c24 cm.
504 _aBibliogr. s. 383, normy s. 383-[384]. - Indeks.
521 _aPodręcznik dla technikum mechanizacji rolnictwa.
650 9 _aAutomatyka
650 9 _aElektrotechnika
655 _aPodręczniki szkolne
015 _aPB 7760/98
020 _a8302060852
040 _cBPK
041 0 _apol
080 _a621.3:681.5](075.3)
920 _a83-02-06085-2
942 _cKS
008 s pl f |000 0 pol
999 _c46501
_d46501
856 _uhttp://koha.tu.koszalin.pl/cgi-bin/koha/opac-detail.pl?biblionumber=46501
_yKatalog online BPK